[Event "Taça Nacional das Associações 2017"]
[Site "Almeirim POR"]
[Date "2017.10.14"]
[Round "1.1.1"]
[White "Sousa, André V"]
[Black "Sousa, Carlos Fantasia"]
[Result "1-0"]
[WhiteElo "2405"]
[BlackElo "1712"]
[WhiteFideId "3507777"]
[BlackFideId "1902741"]
[WhiteTeam "GD Dias Ferreira"]
[BlackTeam "ADC Faro"]
[WhiteTitle "IM"]
[PlyCount "83"]

1. e4 e5 2. Nf3 Nc6 3. Bb5 d6 4. c3 Nf6 5. d4 a6 6. Ba4 b5 7. Bc2 Bg4 8. d5 Na7
9. a4 Be7 10. Be3 Qb8 11. h3 Bh5 12. g4 Bg6 13. Nbd2 O-O 14. axb5 axb5 15. Nh4
Bxe4 16. Nxe4 Nxe4 17. Nf5 Bg5 18. Bxe4 Bxe3 19. fxe3 Qd8 20. Qf3 g6 21. h4 f6
22. Nh6+ Kg7 23. h5 g5 24. Nf5+ Kh8 25. h6 Rf7 26. Ng7 Qg8 27. Qf5 Rff8 28. Kd2
c5 29. Ra6 b4 30. Rha1 bxc3+ 31. bxc3 Rf7 32. Rxd6 Raf8 33. Raa6 Nc8 34. Rxf6
Ne7 35. Qxe5 Rxf6 36. Rxf6 Rxf6 37. Qxf6 Nxd5 38. Qe5 Qf7 39. Nh5+ Nf6 40. Nxf6
Qa2+ 41. Bc2 Qf7 42. Qb8+ 1-0

[Event "Taça Nacional das Associações 2017"]
[Site "Almeirim POR"]
[Date "2017.10.14"]
[Round "1.1.2"]
[White "Barros, Filipe"]
[Black "Gonzalez Perez, Arian"]
[Result "0-1"]
[WhiteElo "1718"]
[BlackElo "2451"]
[WhiteFideId "1928201"]
[BlackFideId "1917617"]
[WhiteTeam "ADC Faro"]
[BlackTeam "GD Dias Ferreira"]
[BlackTitle "IM"]
[PlyCount "68"]

1. d4 d5 2. c4 c6 3. Nf3 Nf6 4. e3 e6 5. Nc3 Nbd7 6. Qc2 Bd6 7. a4 O-O 8. Be2
Qe7 9. h3 dxc4 10. Bxc4 e5 11. d5 Nb6 12. Ne4 Bb4+ 13. Bd2 Bxd2+ 14. Nfxd2 cxd5
15. Nxf6+ Qxf6 16. Be2 Bf5 17. Qb3 Qg6 18. g4 Bc2 19. Qc3 d4 20. exd4 exd4 21.
Qf3 d3 22. Bd1 Rfe8+ 23. Kf1 Qh6 24. g5 Qxg5 25. Ne4 Qe5 26. Nc3 Nc4 27. Qd5 Qf4
28. Kg2 Re5 29. Qxb7 Rae8 30. Bg4 h5 31. Qf3 Qg5 32. Qc6 hxg4 33. Qxc4 gxh3+ 34.
Kxh3 Re3+ 0-1

[Event "Taça Nacional das Associações 2017"]
[Site "Almeirim POR"]
[Date "2017.10.14"]
[Round "1.1.3"]
[White "Aguera Naredo, Javier"]
[Black "Aleixo, Pedro"]
[Result "1-0"]
[WhiteElo "2389"]
[BlackElo "1593"]
[WhiteFideId "2204169"]
[BlackFideId "1956892"]
[WhiteTeam "GD Dias Ferreira"]
[BlackTeam "ADC Faro"]
[WhiteTitle "FM"]
[PlyCount "115"]

1. e4 c5 2. Nf3 e6 3. d4 cxd4 4. Nxd4 a6 5. Bd3 Nc6 6. Nxc6 dxc6 7. O-O Bd6 8.
Qe2 e5 9. Nd2 Be6 10. Bc4 Qd7 11. Nb3 b5 12. Bxe6 Qxe6 13. Be3 Nf6 14. f3 Nd7
15. Rfd1 c5 16. Rd2 Be7 17. Rad1 Rd8 18. Nxc5 Nxc5 19. Rxd8+ Bxd8 20. Bxc5 Be7
21. Qe3 h6 22. Qa3 f6 23. Bxe7 Qxe7 24. Qxa6 Qc5+ 25. Kh1 O-O 26. Qe6+ Kh8 27.
Qd6 Qxd6 28. Rxd6 Rc8 29. Rd2 b4 30. Kg1 Ra8 31. c4 Rxa2 32. c5 Ra1+ 33. Kf2 Rc1
34. Ke3 Rxc5 35. Kd3 Kg8 36. Rc2 Rb5 37. Kc4 Rb8 38. Rd2 Kf8 39. Rd7 g6 40. g3
Rc8+ 41. Kb3 Rb8 42. f4 Re8 43. fxe5 Rxe5 44. Rd4 Rh5 45. h4 Re5 46. Kxb4 Ke7
47. Kc4 f5 48. exf5 gxf5 49. b4 Re3 50. Rd3 Re4+ 51. Kc5 f4 52. gxf4 Rxf4 53.
Rd4 Rf5+ 54. Kc6 Rf1 55. b5 Rc1+ 56. Kb7 Ke6 57. b6 Ke7 58. Ra4 1-0

[Event "Taça Nacional das Associações 2017"]
[Site "Almeirim POR"]
[Date "2017.10.14"]
[Round "1.2.1"]
[White "Dias, Ricardo"]
[Black "Cruz, Jorge"]
[Result "1/2-1/2"]
[WhiteElo "2153"]
[BlackElo "2088"]
[WhiteFideId "1930060"]
[BlackFideId "1903977"]
[WhiteTeam "AEJ S. Joao da Madeira"]
[BlackTeam "CX Montemor-o-Velho"]
[PlyCount "138"]

1. e4 c5 2. Nf3 g6 3. d4 cxd4 4. Qxd4 Nf6 5. e5 Nc6 6. Qa4 Nd5 7. Qe4 Nb6 8. Nc3
d5 9. exd6 Bf5 10. Qe2 Qxd6 11. Nb5 Qb8 12. Nbd4 Bg7 13. Bg5 O-O 14. Nxf5 gxf5
15. Qb5 Qd6 16. Bd3 e5 17. Bxf5 e4 18. Rd1 Qb4+ 19. Qxb4 Nxb4 20. Nd2 Nxc2+ 21.
Kf1 h6 22. Bh4 e3 23. Bxc2 exd2 24. Rxd2 Bxb2 25. g4 Be5 26. g5 Kg7 27. Rg1 h5
28. Kg2 Rfd8 29. Re2 Rac8 30. Rxe5 Rxc2 31. g6 f6 32. Rf5 Rd6 33. Kh1 Rxa2 34.
Rxh5 Rad2 35. Rh7+ Kg8 36. Rxb7 Rd7 37. Rxd7 Nxd7 38. Ra1 Kg7 39. Rxa7 Kxg6 40.
Bg3 Ne5 41. Kg2 Rc2 42. Ra4 Rb2 43. Re4 Rb5 44. h4 Nf7 45. Kh3 Ra5 46. Rb4 Nh6
47. Rb6 Rf5 48. Kg2 Ng4 49. Rb8 Nh6 50. Kf1 Ra5 51. Rb3 Nf5 52. Kg2 Nxg3 53.
Kxg3 Rc5 54. Rb4 Ra5 55. f3 Rc5 56. Rb8 Ra5 57. Rb6 Rc5 58. Kg4 Rc4+ 59. f4 Rc5
60. Ra6 Rb5 61. Kf3 Rh5 62. Kg4 Rb5 63. Rd6 Ra5 64. Rd3 Rb5 65. Rf3 f5+ 66. Kg3
Kh5 67. Ra3 Rc5 68. Kh3 Rc4 69. Kg3 Rc5 1/2-1/2

[Event "Taça Nacional das Associações 2017"]
[Site "Almeirim POR"]
[Date "2017.10.14"]
[Round "1.2.2"]
[White "Cavaleiro, Daniel"]
[Black "Silva, Stéphane"]
[Result "1/2-1/2"]
[WhiteElo "2013"]
[BlackElo "2047"]
[WhiteFideId "1904663"]
[BlackFideId "1900846"]
[WhiteTeam "CX Montemor-o-Velho"]
[BlackTeam "AEJ S. Joao da Madeira"]
[BlackTitle "NM"]
[PlyCount "119"]

1. d4 e6 2. c4 f5 3. g3 Nf6 4. Bg2 d5 5. Nc3 c6 6. Nf3 Bd6 7. e3 O-O 8. O-O Bd7
9. c5 Bc7 10. Rb1 Be8 11. b4 Ne4 12. Nxe4 fxe4 13. Ne5 Nd7 14. Qg4 Nxe5 15. dxe5
Qe7 16. Bb2 a5 17. a3 axb4 18. axb4 Bd7 19. Ra1 Qf7 20. f4 exf3 21. Rxf3 Rxa1+
22. Bxa1 Qe7 23. Rxf8+ Qxf8 24. Qd4 Qf5 25. e4 Qg4 26. Kf2 Qg6 27. Bc3 Qf7+ 28.
Kg1 Qg6 29. b5 Qf7 30. b6 Bd8 31. Bd2 Be7 32. Be3 Bf8 33. Qa1 Bc8 34. Qa8 Qd7
35. Qa4 Qf7 36. Qa1 Qd7 37. Qd4 Qe7 38. Bh3 dxe4 39. Bg2 Qd7 40. Bxe4 Qxd4 41.
Bxd4 Bd7 42. Kf2 g6 43. Kf3 Kf7 44. Bd3 Bc8 45. Ke4 Bd7 46. Be3 h6 47. Kd4 Kg7
48. Be4 Kf7 49. Bf3 Kg7 50. h4 Kf7 51. Be2 Kg7 52. Ke4 Kf7 53. Bd3 Kg7 54. Kf4
Be7 55. Kg4 Bc8 56. h5 g5 57. Bg6 Bd7 58. Kf3 Bd8 59. g4 Be7 60. Ke4 1/2-1/2

[Event "Taça Nacional das Associações 2017"]
[Site "Almeirim POR"]
[Date "2017.10.14"]
[Round "1.2.3"]
[White "Carvalho, Vítor"]
[Black "Saltão, João"]
[Result "0-1"]
[WhiteElo "1904"]
[BlackElo "1855"]
[WhiteFideId "1908766"]
[BlackFideId "1907875"]
[WhiteTeam "AEJ S. Joao da Madeira"]
[BlackTeam "CX Montemor-o-Velho"]
[PlyCount "100"]

1. e4 e6 2. d4 d5 3. Nc3 Bb4 4. exd5 exd5 5. Bd3 Ne7 6. Qf3 c6 7. Nge2 O-O 8.
O-O Na6 9. Bg5 f6 10. Bd2 Nc7 11. Rfe1 Ne6 12. Ng3 Nxd4 13. Qf4 Bxc3 14. bxc3
Ne6 15. Qh4 g6 16. f4 Ng7 17. Re2 Nef5 18. Nxf5 Bxf5 19. g4 Bxd3 20. cxd3 Qd6
21. Rae1 Rae8 22. f5 Rxe2 23. Rxe2 Re8 24. Rxe8+ Nxe8 25. fxg6 hxg6 26. Qh6 Kf7
27. Qh7+ Ng7 28. Bh6 Qf8 29. Be3 g5 30. Bxa7 Qa3 31. Bd4 c5 32. Be3 Qxc3 33. h4
Qe1+ 34. Kg2 Qxe3 35. h5 Qe2+ 36. Kh1 Qe8 37. Qg6+ Kg8 38. Qxf6 Qe1+ 39. Kg2
Qe2+ 40. Kh1 Qd1+ 41. Kh2 Qxg4 42. Qd8+ Kh7 43. Qxd5 Qxh5+ 44. Kg1 Qg4+ 45. Kh1
b6 46. a4 Qf5 47. Qd6 Qe6 48. Qg3 Kg6 49. d4 Qe4+ 50. Kh2 Qxd4 0-1

[Event "Taça Nacional das Associações 2017"]
[Site "Almeirim POR"]
[Date "2017.10.14"]
[Round "1.2.4"]
[White "Duarte, Carlos"]
[Black "Sá, Cláudio"]
[Result "1/2-1/2"]
[WhiteElo "1352"]
[BlackElo "1789"]
[WhiteFideId "1957104"]
[BlackFideId "1902903"]
[WhiteTeam "CX Montemor-o-Velho"]
[BlackTeam "AEJ S. Joao da Madeira"]
[PlyCount "91"]

1. e4 e6 2. Nc3 d5 3. exd5 exd5 4. d4 Nc6 5. Nf3 Bg4 6. Bb5 Nf6 7. Bg5 Be7 8.
Bxc6+ bxc6 9. h3 Bxf3 10. Qxf3 O-O 11. O-O Ne4 12. Bxe7 Qxe7 13. Qe3 Rfe8 14. a3
Qf6 15. Rfe1 h6 16. Rad1 Nd6 17. Qd3 Nf5 18. Rxe8+ Rxe8 19. Ne2 Re4 20. c3 Qg6
21. Ng3 Nxg3 22. Qxg3 Qxg3 23. fxg3 Re2 24. Rb1 Kf8 25. Kf1 Rc2 26. g4 Ke7 27.
Re1+ Kf6 28. Re2 Rc1+ 29. Re1 Rxe1+ 30. Kxe1 Ke6 31. Ke2 g5 32. Kf3 Kd6 33. b4
Kd7 34. Ke3 Kc8 35. Kd3 Kb7 36. c4 Kb6 37. a4 a5 38. c5+ Ka6 39. Kc3 axb4+ 40.
Kxb4 Kb7 41. a5 Ka6 42. Ka4 f6 43. g3 Ka7 44. Kb4 Kb7 45. Ka4 Ka6 46. Kb4
1/2-1/2

[Event "Taça Nacional das Associações 2017"]
[Site "Almeirim POR"]
[Date "2017.10.14"]
[Round "1.3.1"]
[White "Santos, José Alves"]
[Black "Martins, Bruno"]
[Result "1/2-1/2"]
[WhiteElo "2157"]
[BlackElo "2162"]
[WhiteFideId "1900366"]
[BlackFideId "1942255"]
[WhiteTeam "AX Portugal/Atlantiadonal"]
[BlackTeam "Ateneu Popular Montijo"]
[WhiteTitle "NM"]
[PlyCount "107"]

1. e4 e6 2. d4 d5 3. Nc3 Nf6 4. Bg5 dxe4 5. Nxe4 Be7 6. Nxf6+ Bxf6 7. Bxf6 Qxf6
8. c3 O-O 9. Qf3 Nd7 10. Qxf6 Nxf6 11. Nf3 b6 12. Be2 Bb7 13. O-O Rfd8 14. Rad1
Nd5 15. g3 Rab8 16. Ne5 f6 17. Nd3 Ba6 18. Rfe1 Bxd3 19. Rxd3 Kf7 20. Bg4 Rd6
21. Rd2 f5 22. Bd1 Nf6 23. Rde2 Re8 24. Bb3 a5 25. Re5 g6 26. f3 Nd7 27. R5e2
Kf6 28. h3 b5 29. Bc2 Nb6 30. f4 a4 31. Kf2 a3 32. Bb3 axb2 33. Rxb2 Nd5 34.
Bxd5 Rxd5 35. Re5 c6 36. Ke3 Ra8 37. Kd3 Ra3 38. Rbe2 Rxe5 39. dxe5+ Kf7 40. Rc2
Ra4 41. c4 bxc4+ 42. Rxc4 Rxa2 43. Rxc6 Rg2 44. Rc7+ Kg8 45. Re7 Rxg3+ 46. Kd4
Rxh3 47. Kc5 h5 48. Kd6 Ra3 49. Rxe6 Ra6+ 50. Ke7 Rxe6+ 51. Kxe6 h4 52. Kd7 h3
53. e6 h2 54. e7 1/2-1/2

[Event "Taça Nacional das Associações 2017"]
[Site "Almeirim POR"]
[Date "2017.10.14"]
[Round "1.3.2"]
[White "Machado, Tomás"]
[Black "Reis, Luís Sousa"]
[Result "1/2-1/2"]
[WhiteElo "1822"]
[BlackElo "2172"]
[WhiteFideId "1946838"]
[BlackFideId "1900609"]
[WhiteTeam "Ateneu Popular Montijo"]
[BlackTeam "AX Portugal/Atlantiadonal"]
[BlackTitle "NM"]
[PlyCount "28"]

1. e4 d5 2. exd5 Nf6 3. d4 Bg4 4. f3 Bf5 5. c4 e6 6. Bd3 Bxd3 7. Qxd3 exd5 8.
Ne2 dxc4 9. Qxc4 Nbd7 10. Nbc3 Nb6 11. Qb3 Be7 12. Be3 Nfd5 13. Bf2 O-O 14. O-O
a5 1/2-1/2

[Event "Taça Nacional das Associações 2017"]
[Site "Almeirim POR"]
[Date "2017.10.14"]
[Round "1.3.3"]
[White "Carneiro, Carlos"]
[Black "Silva, Antonio Manuel De Oliveira"]
[Result "0-1"]
[WhiteElo "2152"]
[BlackElo "1678"]
[WhiteFideId "1900170"]
[BlackFideId "1927191"]
[WhiteTeam "AX Portugal/Atlantiadonal"]
[BlackTeam "Ateneu Popular Montijo"]
[WhiteTitle "NM"]
[PlyCount "87"]

1. d4 d5 2. Nf3 Nf6 3. c4 c6 4. Nc3 dxc4 5. a4 Bf5 6. Ne5 Nbd7 7. Nxc4 Qc7 8. g3
e5 9. dxe5 Nxe5 10. Bf4 Nfd7 11. Qd4 f6 12. Bg2 g5 13. Ne4 Bxe4 14. Bxe5 Bb4+
15. Kd1 Nxe5 16. Qxe4 O-O-O+ 17. Kc2 Nxc4 18. Qxc4 Rd2+ 19. Kc1 Qd6 20. Bh3+ Kb8
21. Bf5 Rd4 22. Qc2 Qd5 23. e4 Qd6 24. Kb1 Rd8 25. Ka2 Rd2 26. Qb3 Rxf2 27. Bxh7
Qe7 28. Rad1 Rfd2 29. Rxd2 Rxd2 30. Bf5 Qd8 31. Qxb4 a6 32. h4 Rd4 33. Qb3 Rd3
34. Qb4 Rd4 35. Qb3 Rd3 36. Qc2 Rxg3 37. hxg5 Rxg5 38. Qh2+ Ka7 39. Qf2+ Ka8 40.
Rh7 Qg8+ 41. Ka3 Rg3+ 42. Kb4 Rb3+ 43. Kc5 Qf8+ 44. Kd4 0-1

[Event "Taça Nacional das Associações 2017"]
[Site "Almeirim POR"]
[Date "2017.10.15"]
[Round "2.1.1"]
[White "Cruz, Jorge"]
[Black "Carreira, Marcelo"]
[Result "1/2-1/2"]
[WhiteElo "2088"]
[BlackElo "1622"]
[WhiteFideId "1903977"]
[BlackFideId "1941321"]
[WhiteTeam "CX Montemor-o-Velho"]
[BlackTeam "CCD Corvos do Lis"]
[PlyCount "49"]

1. e4 c5 2. Nf3 Nc6 3. d4 cxd4 4. Nxd4 g6 5. Nc3 Bg7 6. Nde2 Nf6 7. g3 O-O 8.
Bg2 d6 9. h3 Bd7 10. O-O Rc8 11. Be3 a6 12. a4 Nb4 13. a5 Bc6 14. Bb6 Qd7 15.
Rc1 e6 16. Qd4 Nfd5 17. Qd2 Nxb6 18. axb6 d5 19. Nxd5 Nxd5 20. exd5 exd5 21. Qb4
d4 22. Rfd1 Bxg2 23. Kxg2 Rfd8 24. Rd3 Qe6 25. Nf4 1/2-1/2

[Event "Taça Nacional das Associações 2017"]
[Site "Almeirim POR"]
[Date "2017.10.15"]
[Round "2.1.2"]
[White "Simões, Miguel"]
[Black "Cavaleiro, Daniel"]
[Result "1/2-1/2"]
[WhiteElo "1661"]
[BlackElo "2013"]
[WhiteFideId "1946307"]
[BlackFideId "1904663"]
[WhiteTeam "CCD Corvos do Lis"]
[BlackTeam "CX Montemor-o-Velho"]
[PlyCount "88"]

1. e4 g6 2. d4 Bg7 3. Nc3 d6 4. Nf3 e6 5. Be3 a6 6. Qd2 b5 7. O-O-O Bb7 8. Bd3
Nd7 9. Bg5 Qc8 10. Rhe1 h6 11. Bh4 Nb6 12. Bg3 Ne7 13. h4 Qd7 14. a3 Rc8 15. Qe3
h5 16. Bf4 Ng8 17. Kb1 Nh6 18. Nh2 Kf8 19. Be2 Kg8 20. Rh1 Nc4 21. Bxc4 bxc4 22.
Qe2 d5 23. Nf3 Ng4 24. e5 Rb8 25. Ng5 c5 26. f3 cxd4 27. Rxd4 Nh6 28. Qxc4 Nf5
29. Rd2 Bc8 30. Qd3 Qb7 31. Nd1 Bd7 32. c4 Bc6 33. Nc3 Ne7 34. Rhd1 Bf8 35. Be3
dxc4 36. Qxc4 Bd5 37. Nxd5 Nxd5 38. Bc5 Bxc5 39. Qxc5 Qb3 40. Ka1 Kg7 41. Rc1
Rb7 42. Qc2 Rhb8 43. Qxb3 Rxb3 44. Ne4 Re3 1/2-1/2

[Event "Taça Nacional das Associações 2017"]
[Site "Almeirim POR"]
[Date "2017.10.15"]
[Round "2.1.4"]
[White "Almeida, Pedro Bastos"]
[Black "Saltão, João"]
[Result "0-1"]
[WhiteElo "1309"]
[BlackElo "1855"]
[WhiteFideId "1952439"]
[BlackFideId "1907875"]
[WhiteTeam "CCD Corvos do Lis"]
[BlackTeam "CX Montemor-o-Velho"]
[PlyCount "126"]

1. d4 Nf6 2. c4 c5 3. Nf3 cxd4 4. Nxd4 g6 5. Nc3 Bg7 6. g3 Nc6 7. Nxc6 bxc6 8.
Bg2 O-O 9. O-O Rb8 10. Rb1 Re8 11. Bf4 Rb4 12. b3 Nh5 13. Bd2 Rb8 14. Qc1 Qc7
15. e4 d6 16. b4 Be6 17. Ne2 a5 18. b5 cxb5 19. cxb5 Qxc1 20. Nxc1 Bc4 21. Re1
Rxb5 22. Rxb5 Bxb5 23. Bxa5 Ra8 24. Bb4 Ra4 25. a3 Bb2 26. Bd2 Rxa3 27. Ne2 Ra1
28. Rxa1 Bxa1 29. Nc3 Bc6 30. Nd5 Kf8 31. g4 Nf6 32. Bh6+ Ke8 33. Nxf6+ Bxf6 34.
Be3 e6 35. f4 Kd7 36. Kf2 d5 37. e5 Bd8 38. g5 Ba4 39. Ke2 Kc6 40. Kd2 Ba5+ 41.
Kd3 Kb5 42. Bd2 Bxd2 43. Kxd2 Kc4 44. Ke3 Kc3 45. Bf1 d4+ 46. Kf2 d3 47. Ke3 d2
48. Be2 d1=Q 49. Bxd1 Bxd1 50. h3 Bh5 51. h4 Bg4 52. Kf2 Kd2 53. Kg3 Bh5 54. Kf2
Be2 55. Kg2 Ke3 56. Kg3 Bf3 57. f5 exf5 58. h5 f4+ 59. Kh3 Bxh5 60. Kg2 f3+ 61.
Kg1 f2+ 62. Kh2 f1=Q 63. e6 Kf2 0-1

[Event "Taça Nacional das Associações 2017"]
[Site "Almeirim POR"]
[Date "2017.10.15"]
[Round "2.2.1"]
[White "Martins, Bruno"]
[Black "Sousa, André V"]
[Result "1/2-1/2"]
[WhiteElo "2162"]
[BlackElo "2405"]
[WhiteFideId "1942255"]
[BlackFideId "1917617"]
[WhiteTeam "Ateneu Popular Montijo"]
[BlackTeam "GD Dias Ferreira"]
[BlackTitle "IM"]
[PlyCount "56"]

1. e4 c5 2. Nf3 d6 3. d4 Nf6 4. Nc3 cxd4 5. Nxd4 e5 6. Bb5+ Nbd7 7. Nf5 a6 8.
Bxd7+ Qxd7 9. Ne3 Be7 10. Ned5 Nxd5 11. Nxd5 Bd8 12. O-O O-O 13. Be3 Qa4 14. Qd3
Be6 15. b3 Qc6 16. c4 f5 17. f3 Bxd5 18. Qxd5+ Qxd5 19. cxd5 f4 20. Bf2 Rc8 21.
Rfc1 Ba5 22. Kf1 Bd2 23. Rc4 Rxc4 24. bxc4 Rc8 25. Ke2 Ba5 26. Kd3 Kf7 27. Rb1
b5 28. Rc1 Bb4 1/2-1/2

[Event "Taça Nacional das Associações 2017"]
[Site "Almeirim POR"]
[Date "2017.10.15"]
[Round "2.2.2"]
[White "Gonzalez Perez, Arian"]
[Black "Machado, Tomás"]
[Result "1-0"]
[WhiteElo "2451"]
[BlackElo "1822"]
[WhiteFideId "3507777"]
[BlackFideId "1946838"]
[WhiteTeam "GD Dias Ferreira"]
[BlackTeam "Ateneu Popular Montijo"]
[WhiteTitle "IM"]
[PlyCount "59"]

1. e4 e6 2. d3 d5 3. Qe2 b6 4. Nf3 Bb7 5. g3 dxe4 6. dxe4 Nf6 7. e5 Nfd7 8. Bg2
Nc6 9. O-O Bc5 10. Rd1 O-O 11. Nc3 Re8 12. Ne4 Be7 13. Bf4 Qc8 14. h4 Nc5 15.
Nxc5 Bxc5 16. Ng5 h6 17. Ne4 Ne7 18. Qg4 Kh7 19. Bxh6 Kxh6 20. Qf4+ Kh7 21. Ng5+
Kh8 22. Qxf7 Bxf2+ 23. Qxf2 Bxg2 24. Qxg2 g6 25. Ne4 Nf5 26. g4 Ne3 27. Qd2 Nxd1
28. Qh6+ Kg8 29. Qxg6+ Kf8 30. Rxd1 1-0

[Event "Taça Nacional das Associações 2017"]
[Site "Almeirim POR"]
[Date "2017.10.15"]
[Round "2.2.4"]
[White "León Iglesias, Francisco"]
[Black "Rocha, Daniel"]
[Result "1-0"]
[WhiteElo "2156"]
[BlackElo "1312"]
[WhiteFideId "2212544"]
[BlackFideId "1950819"]
[WhiteTeam "GD Dias Ferreira"]
[BlackTeam "Ateneu Popular Montijo"]
[PlyCount "81"]

1. Nf3 Nc6 2. d4 d5 3. Bf4 Bf5 4. e3 a6 5. c4 e6 6. Nc3 Nf6 7. Be2 Be7 8. h3 h6
9. O-O Ne4 10. cxd5 exd5 11. Qb3 Nxc3 12. Qxc3 O-O 13. a3 Bd6 14. Ne5 Nxe5 15.
dxe5 Be7 16. Qb3 Rb8 17. Rfd1 Be6 18. Bf3 c6 19. Rac1 Re8 20. Qc3 Qb6 21. e4
dxe4 22. Bxe4 Rbd8 23. Be3 Qb3 24. Qc2 Rxd1+ 25. Rxd1 Qxc2 26. Bxc2 Rd8 27.
Rxd8+ Bxd8 28. Be4 Kf8 29. f4 f6 30. f5 Bc8 31. e6 Ke7 32. Bc5+ Ke8 33. Kf2 Be7
34. b4 Bd8 35. Kg3 Be7 36. Kg4 Bxc5 37. bxc5 Ke7 38. Kh5 Kf8 39. Kg6 Kg8 40. Bd3
Kf8 41. Bc4 1-0

[Event "Taça Nacional das Associações 2017"]
[Site "Almeirim POR"]
[Date "2017.10.15"]
[Round "2.3.1"]
[White "Sousa, Carlos Fantasia"]
[Black "Santos, José Alves"]
[Result "0-1"]
[WhiteElo "1712"]
[BlackElo "2157"]
[WhiteFideId "1902741"]
[BlackFideId "1900366"]
[WhiteTeam "ADC Faro"]
[BlackTeam "AX Portugal/Atlantiadonal"]
[BlackTitle "NM"]
[PlyCount "42"]

1. d4 d5 2. c4 e5 3. e3 exd4 4. Qxd4 Nf6 5. cxd5 Qxd5 6. Qxd5 Nxd5 7. Bc4 Nb4 8.
Kd2 Bf5 9. Nc3 N8c6 10. e4 O-O-O+ 11. Ke3 Nc2+ 12. Kf4 Bg6 13. Nf3 Nxa1 14. h4
Bd6+ 15. e5 Nxe5 16. Nxe5 Rhe8 17. Be3 Nc2 18. Bxa7 Rxe5 19. Kf3 Ne1+ 20. Kg3
Re3+ 21. Kg4 h5+ 0-1

[Event "Taça Nacional das Associações 2017"]
[Site "Almeirim POR"]
[Date "2017.10.15"]
[Round "2.3.2"]
[White "Reis, Luís Sousa"]
[Black "Aleixo, Pedro"]
[Result "1/2-1/2"]
[WhiteElo "2172"]
[BlackElo "1593"]
[WhiteFideId "1900609"]
[BlackFideId "1956892"]
[WhiteTeam "AX Portugal/Atlantiadonal"]
[BlackTeam "ADC Faro"]
[WhiteTitle "NM"]
[PlyCount "79"]
[EventDate "2017.??.??"]

1. e4 c5 2. Nc3 Nc6 3. f4 e6 4. Nf3 a6 5. d4 cxd4 6. Nxd4 Bc5 7. Nb3 Qb6 8. Nxc5
Qxc5 9. Qg4 g6 10. Bd3 Nge7 11. Bd2 Nb4 12. O-O-O Nxd3+ 13. cxd3 b5 14. Kb1 b4
15. Ne2 Qb5 16. Be3 f5 17. Qf3 Bb7 18. Nd4 Qa5 19. g4 e5 20. Nb3 Qb5 21. gxf5
Nxf5 22. fxe5 Nxe3 23. Qxe3 Qxe5 24. Qb6 Rb8 25. Qxb4 Bd5 26. Qd4 Qxd4 27. Nxd4
Be6 28. Rhf1 Ke7 29. Nxe6 dxe6 30. d4 Rhf8 31. Rxf8 Rxf8 32. Rd2 Kd6 33. Kc2 Rf3
34. Re2 g5 35. Kd2 g4 36. Re3 Rf2+ 37. Re2 Rf3 38. Re3 Rf2+ 39. Re2 Rf3 40. Re3
1/2-1/2

[Event "Taça Nacional das Associações 2017"]
[Site "Almeirim POR"]
[Date "2017.10.15"]
[Round "2.3.3"]
[White "Soares, Joao Pedro Cesteiro"]
[Black "Carneiro, Carlos"]
[Result "0-1"]
[WhiteElo "1483"]
[BlackElo "2152"]
[WhiteFideId "1957961"]
[BlackFideId "1900170"]
[WhiteTeam "ADC Faro"]
[BlackTeam "AX Portugal/Atlantiadonal"]
[BlackTitle "NM"]
[PlyCount "62"]

1. d4 Nf6 2. c4 g6 3. Nc3 Bg7 4. Nf3 O-O 5. e3 d6 6. Be2 Nc6 7. O-O e5 8. Qc2
Re8 9. b3 Bf5 10. Bd3 Nb4 11. Qd2 Bxd3 12. Re1 Bf5 13. e4 exd4 14. Nxd4 Nxe4 15.
Nxe4 Rxe4 16. Rxe4 Bxe4 17. Bb2 Nc6 18. Re1 Nxd4 19. Rxe4 Nc6 20. Bxg7 Kxg7 21.
f4 Qf6 22. g3 Rd8 23. Kf2 h5 24. h4 Ne5 25. Ke2 Ng4 26. Qd5 c6 27. Qg5 Qb2+ 28.
Kd3 Nf2+ 29. Ke3 Qd2+ 30. Kf3 Nxe4 31. Kxe4 Re8+ 0-1

[Event "Taça Nacional das Associações 2017"]
[Site "Almeirim POR"]
[Date "2017.10.15"]
[Round "3.1.1"]
[White "Sousa, André V"]
[Black "Cruz, Jorge"]
[Result "1-0"]
[WhiteElo "2405"]
[BlackElo "2088"]
[WhiteFideId "1917617"]
[BlackFideId "1903977"]
[WhiteTeam "GD Dias Ferreira"]
[BlackTeam "CX Montemor-o-Velho"]
[WhiteTitle "IM"]
[PlyCount "31"]

1. e4 c5 2. Nf3 g6 3. Bc4 Bg7 4. O-O Nc6 5. Re1 e6 6. Nc3 d6 7. Ne2 Nge7 8. d4
cxd4 9. Nexd4 d5 10. exd5 Nxd5 11. Bxd5 Qxd5 12. Nxe6 Qxd1 13. Nxg7+ Kf8 14. Bh6
Qd8 15. Nh5+ Kg8 16. Re8+ 1-0

[Event "Taça Nacional das Associações 2017"]
[Site "Almeirim POR"]
[Date "2017.10.15"]
[Round "3.1.2"]
[White "Cavaleiro, Daniel"]
[Black "Gonzalez Perez, Arian"]
[Result "0-1"]
[WhiteElo "2013"]
[BlackElo "2451"]
[WhiteFideId "1904663"]
[BlackFideId "3507777"]
[WhiteTeam "CX Montemor-o-Velho"]
[BlackTeam "GD Dias Ferreira"]
[BlackTitle "IM"]
[PlyCount "32"]

1. d4 d5 2. c4 c6 3. Nc3 Nf6 4. Nf3 e6 5. Bg5 Nbd7 6. cxd5 exd5 7. e3 Be7 8. Bd3
O-O 9. Qc2 Re8 10. O-O Nf8 11. a3 Ng6 12. b4 Bd6 13. h3 h6 14. Bh4 Nxh4 15. Nxh4
Ne4 16. Nxe4 dxe4 0-1

[Event "Taça Nacional das Associações 2017"]
[Site "Almeirim POR"]
[Date "2017.10.15"]
[Round "3.1.3"]
[White "Aguera Naredo, Javier"]
[Black "Cardoso, Pedro"]
[Result "1-0"]
[WhiteElo "2389"]
[BlackElo "1936"]
[WhiteFideId "2204169"]
[BlackFideId "1917838"]
[WhiteTeam "GD Dias Ferreira"]
[BlackTeam "CX Montemor-o-Velho"]
[WhiteTitle "FM"]
[PlyCount "57"]

1. e4 d5 2. exd5 Qxd5 3. Nc3 Qa5 4. d4 c6 5. Bc4 Bf5 6. Nf3 Nd7 7. Bd2 Ngf6 8.
Qe2 Qc7 9. Ne5 e6 10. f4 h5 11. h3 b5 12. Bb3 b4 13. Na4 Nxe5 14. fxe5 Ne4 15.
Bf4 g5 16. Bh2 g4 17. Bf4 Bh6 18. Qe3 Bxf4 19. Qxf4 gxh3 20. gxh3 O-O-O 21.
O-O-O c5 22. Nxc5 Nxc5 23. dxc5 Qxc5 24. Rd6 Rhg8 25. Rhd1 Rxd6 26. exd6 Rd8 27.
Ba4 f6 28. Rd4 Kb7 29. Rxb4+ 1-0

[Event "Taça Nacional das Associações 2017"]
[Site "Almeirim POR"]
[Date "2017.10.15"]
[Round "3.1.4"]
[White "Saltão, João"]
[Black "León Iglesias, Francisco"]
[Result "1/2-1/2"]
[WhiteElo "1855"]
[BlackElo "2156"]
[WhiteFideId "1907875"]
[BlackFideId "2212544"]
[WhiteTeam "CX Montemor-o-Velho"]
[BlackTeam "GD Dias Ferreira"]
[PlyCount "101"]

1. c4 Nf6 2. Nf3 g6 3. g3 Bg7 4. Nc3 O-O 5. d3 c5 6. Bg2 Nc6 7. O-O a6 8. Bd2
Rb8 9. Rb1 b5 10. b3 Ne8 11. Qc1 b4 12. Nd5 e6 13. Ne3 Bb7 14. a4 d6 15. Nc2 Nc7
16. Bh6 e5 17. e4 Ne6 18. Bh3 f5 19. Bxg7 Kxg7 20. Nh4 Ncd4 21. Nxd4 Nxd4 22.
Re1 f4 23. Qd1 Qf6 24. Rb2 Rf7 25. Bg4 h5 26. Bh3 Rbf8 27. Rf1 f3 28. Re1 Bc8
29. Bxc8 Rxc8 30. Re3 Rcf8 31. Qf1 Qe6 32. Kh1 Rf6 33. Kg1 Kf7 34. Qa1 Ke7 35.
a5 Kd8 36. Qf1 Kc7 37. h3 Kb7 38. Kh2 Qd7 39. Qd1 Qd8 40. Ra2 Qc7 41. Kh1 Qf7
42. Kh2 Rf4 43. Qg1 Ne2 44. Raxe2 Rxh4 45. Rb2 Rg4 46. Qh1 Rg5 47. Rd2 Kc6 48.
Qg1 Qe6 49. Qh1 Qf6 50. Qg1 Qd8 51. Ra2 1/2-1/2